01020nam a2200253 a 450000100060000000300080000600500170001400800410003102000120007203500190008404000270010304100080013008200260013824501420016426000950030630000330040150000190043465000460045365000400049970000490053994200120058899900170060095201490061767884BD-RjUL20211209081713.0170329s1981 bg a b 101 0 eng  cTk50.00 a(BD-RjUL)68093 aDLCcDLCdBD-RjULbeng aeng00a571.538223bPRO 198110aProceedings of International Workshop on Improvement of Tropical Crops Through Tissue Culture, March 9-14, 1981 /c Edited by A.S. Islam. aDacca, Bangladesh :bAvailable from the Office of the Bangladesh Journal of Botany,c1981. avi, 137 p. :bill. ;c25 cm. aIncludes index 0aPlant tissue culturexCongresses.9201237 0aTropical cropsxCongresses.92012381 aIsla, A. S.q(Ahmad Shamsul),d1926-9201239 2ddccBK c67884d67884 00102ddc40718NFICaRUCLbRUCLcReadingd1984-04-09eCentury Books Raj.g50.00l0o571.538 PRO 1981r2017-03-29 00:00:00tC-1w2021-12-09yBK